000 00304nam a22001337a 4500
008 170614b xxu||||| |||| 00| 0 eng d
020 _a0691022003
041 _aeng
080 _a32
100 _a19
101 _aSHP
245 _aRELIGION AND POLITICS IN LATIN AMERICA
_cLEVINE,D,H
942 _2udc
_cBK
999 _c17407
_d17407